<?xml version="1.0" encoding="UTF-8"?>
<record
    xmlns:xsi="http://www.w3.org/2001/XMLSchema-instance"
    xsi:schemaLocation="http://www.loc.gov/MARC21/slim http://www.loc.gov/standards/marcxml/schema/MARC21slim.xsd"
    xmlns="http://www.loc.gov/MARC21/slim">

  <leader>00440nam a22001817a 4500</leader>
  <controlfield tag="003">3228</controlfield>
  <controlfield tag="005">20251003123528.0</controlfield>
  <controlfield tag="008">251003b        sa ||||| |||| 00| 0 eng d</controlfield>
  <datafield tag="020" ind1=" " ind2=" ">
    <subfield code="a">9781847828927</subfield>
    <subfield code="q">hbk</subfield>
  </datafield>
  <datafield tag="040" ind1=" " ind2=" ">
    <subfield code="a">MPL</subfield>
    <subfield code="c">3228</subfield>
  </datafield>
  <datafield tag="041" ind1=" " ind2=" ">
    <subfield code="2">E</subfield>
  </datafield>
  <datafield tag="082" ind1=" " ind2="0">
    <subfield code="a">LP EF DEAN</subfield>
  </datafield>
  <datafield tag="100" ind1=" " ind2=" ">
    <subfield code="a">DEAN JOHN </subfield>
  </datafield>
  <datafield tag="245" ind1=" " ind2=" ">
    <subfield code="a">The dead hill</subfield>
  </datafield>
  <datafield tag="260" ind1=" " ind2=" ">
    <subfield code="a">London:</subfield>
    <subfield code="b">Robert Hale,</subfield>
    <subfield code="c">2009.</subfield>
  </datafield>
  <datafield tag="300" ind1=" " ind2=" ">
    <subfield code="a">315 pages</subfield>
    <subfield code="b">Illustrations</subfield>
    <subfield code="c">22,5 cm</subfield>
  </datafield>
  <datafield tag="942" ind1=" " ind2=" ">
    <subfield code="2">ddc</subfield>
    <subfield code="c">BOOK</subfield>
    <subfield code="w">282</subfield>
    <subfield code="x">Emmerencia Nonyane</subfield>
    <subfield code="y">282</subfield>
    <subfield code="z">Emmerencia Nonyane</subfield>
  </datafield>
  <datafield tag="999" ind1=" " ind2=" ">
    <subfield code="c">786877</subfield>
    <subfield code="d">786876</subfield>
  </datafield>
  <datafield tag="952" ind1=" " ind2=" ">
    <subfield code="0">0</subfield>
    <subfield code="1">0</subfield>
    <subfield code="2">ddc</subfield>
    <subfield code="4">0</subfield>
    <subfield code="7">0</subfield>
    <subfield code="a">SABIL</subfield>
    <subfield code="b">SABIL</subfield>
    <subfield code="c">FIC</subfield>
    <subfield code="d">2025-10-03</subfield>
    <subfield code="g">332.00</subfield>
    <subfield code="l">0</subfield>
    <subfield code="o">LP EF DEAN</subfield>
    <subfield code="p">33228024710145</subfield>
    <subfield code="r">2025-10-03</subfield>
    <subfield code="w">2025-10-03</subfield>
    <subfield code="y">BOOK</subfield>
  </datafield>
</record>
